| 000 | 00384nam a22001337a 4500 | ||
|---|---|---|---|
| 020 | _a9787108050335 | ||
| 082 | _a321.8 | ||
| 100 | _aWang, Shaoguang | ||
| 245 |
_aFour Lectures on Democracy (Chinese Edition) / _cShaoguang Wang |
||
| 260 |
_aChina : _bLife SDX Joint Bookstore, _c2014. |
||
| 300 |
_a256 p. ; _c20 cm. |
||
| 880 |
_6245-02\r _a民主四讲 / |
||
| 942 |
_2ddc _cBK |
||
| 999 |
_c591825 _d591825 |
||